000 01384nam a2200241 i 4500
003 DO-SdBNP
005 20240830100512.0
007 ta
008 240830s1950 dr 000 0 spa d
040 _aDO-SdBNP
_bspa
_cBNPHU
_erda
082 _bF935
_222
240 1 _aLa frontera dominico haitiana = A la frontiere Dominico-Haitianne /
245 0 6 _aEn la frontera dominicana-Haitiana :
_bA la frontiere Dominico-Haitienne /
264 1 _a[Santo Domingo] :
_b[editor no identificado],
_c[1950].
300 _a16 páginas
_c23 cm.
336 _2rdacontent
_atexto
_btxt
337 _2rdamedia
_asin mediación
_bn
338 _2rdacarrier
_avolumen
_bnc
520 _aLa noticia del acuerdo firmado entre el Arzobispo de Ciudad Trujillo, Primado de las Indias Occidentales, y el de Zaragoza, ciudad de la Virgen del Pilar, Patrona de la Hispanidad, sale del marco de una simple información religiosa. El gran interés de este acuerdo lo constituye el hecho de que estos sacerdotes españoles serán establecidos en las zonas de colonización que lindan con la frontera que corta la Isla de Santo Domingo en dos, y que separa el territorio de la República Dominicana de Haití que domina la parte occidental. De esta manera, un viejo y a veces sangriento problema, vuelve a la luz de la actualidad.
590 _aInventariado, 2024/ YL
910 _aYLockward
942 _2ddc
_cLF2
999 _c57588
_d57588